[Event "Match"]
[Site "www.echecsemail.com"]
[Date "2015.10.01"]
[Round "1"]
[White "Coraza"]
[Black "Castletyme"]
[WhiteElo "1789"]
[BlackElo "1890"]
[Result "0-1"]
[Round "1"]
1.e4 e6
2.Ng1f3 Nb8c6
3.d4 d6
4.Nf3g5 Qd8f6
5.d5 exd5
6.Qd1e2 Bf8e7
7.g3 dxe4
8.Qe2xe4 Bc8f5
9.Qe4a4 Qf6e5
10.Bf1e2 Be7xg5
11.Bc1xg5 f6
12.Bg5c1 O-O-O
13.Bc1e3 Qe5xb2
14.O-O Qb2xa1
15.Be3d2 Qa1d4
16.Qa4xd4 Nc6xd4
17.Bd2e3 Nd4xe2
18.Kg2 Bf5xc2
19.Nb1d2 b6
20.Rf1e1 Ne2c3
21.a3 Ng8e7
22.Be3d4 Nc3d5
23.Re1c1 Bc2g6
24.a4 Ne7f5
25.Bd4b2 h5
26.h4 Rh8e8
27.Nd2b1 Re8e4
28.Kf3 Nf5xh4
29.gxh4 Re4xh4
30.Kg3 Rh4xa4
31.Rc1d1 Nd5f4
32.Nb1c3 Ra4c4
33.Nc3b5 Nf4e2
34.Kf3 Rd8e8
35.Nb5xa7 Kb7
36.Na7b5 Rc4f4
37.Kg2 Bg6e4
38.Kf1 Be4f3
39.Bb2c1 Rf4h4
40.Ke1 Ne2c3
41.Kd2 Nc3xd1
42.Bc1a3 Re8e2
43.Kd3 Nd1xf2
44.Kc3 Nf2d1
45.Kd3 Re2e3
46.Kd2 Re3xa3
47.Nb5xa3 Rh4d4
48.Ke1 g5
49.Na3c2 c5
50.Nc2xd4 cxd4
{ resign }
0-1

[Event "Match"]
[Site "www.echecsemail.com"]
[Date "2015.10.01"]
[Round "1"]
[White "Mrmoto"]
[Black "Coraza8091"]
[WhiteElo "1570"]
[BlackElo "1659"]
[Result "0-1"]
[Round "1"]
1.e4 e5
2.Ng1f3 Nb8c6
3.Bf1b5 Nc6d4
4.Nf3xd4 exd4
5.d3 c6
6.Bb5a4 Qd8e7
7.f4 Qe7h4
8.g3 Qh4h3
9.Qd1e2 Bf8b4
10.Bc1d2 a5
11.c3 dxc3
12.bxc3 Bb4e7
13.c4 Be7f6
14.Nb1c3 Ng8e7
15.O-O-O O-O
16.Bd2e3 Bf6xc3
17.Be3c5 Rf8e8
18.d4 Qh3e6
19.Kc2 Bc3b4
20.f5 Qe6h6
21.a3 Bb4xc5
22.dxc5 b5
23.cxb5 Qh6f6
24.g4 Bc8b7
25.Rd1xd7 Bb7c8
26.Rd7c7 Ra8b8
27.Rh1b1 Ne7d5
28.Rc7xc6 Qf6c3
29.Kd1 Nd5e3
{ resign }
0-1

[Event "Match"]
[Site "www.echecsemail.com"]
[Date "2015.10.01"]
[Round "1"]
[White "Johndyson"]
[Black "Gimmyg"]
[WhiteElo "2440"]
[BlackElo "2460"]
[Result "0-1"]
[Round "1"]
1.d4 Nb8c6
2.d5 Nc6e5
3.f4 Ne5g6
4.e4 c6
5.Nb1c3 Qd8b6
6.f5 Ng6e5
7.Ng1f3 Ne5xf3
8.Qd1xf3 Ng8f6
9.Bf1e2 e5
 { time }
0-1

[Event "Match"]
[Site "www.echecsemail.com"]
[Date "2015.10.01"]
[Round "1"]
[White "Pinehill"]
[Black "Add"]
[WhiteElo "1980"]
[BlackElo "2020"]
[Result "1-0"]
[Round "1"]
1.e4 d6
2.d4 e6
3.Ng1f3 c6
4.Bf1e2 h6
5.O-O Ng8e7
6.c4 a6
7.Nb1c3 b5
8.b3 Bc8b7
9.Bc1b2 Ne7g6
10.d5 Ng6f4
11.Rf1e1 Nf4xe2
12.Nc3xe2 cxd5
13.exd5 e5
14.Ne2g3 Nb8d7
15.Ng3f5 Nd7f6
16.Nf3xe5 dxe5
17.Bb2xe5 Bf8e7
18.Nf5xe7 Kf8
19.Be5xf6 gxf6
20.Qd1h5 Qd8d7
21.Ne7f5 Ra8e8
22.Kf1 Re8e5
23.Re1xe5 fxe5
24.Ra1e1 f6
25.Qh5g6 Qd7f7
26.Qg6xf7 Kxf7
27.Nf5d6 Kg6
28.Nd6xb7 bxc4
29.bxc4 Rh8b8
30.Re1b1 { resign }
1-0

[Event "Match"]
[Site "www.echecsemail.com"]
[Date "2015.10.01"]
[Round "1"]
[White "Daquata"]
[Black "Lino"]
[WhiteElo "1880"]
[BlackElo "1799"]
[Result "0-1"]
[Round "1"]
1.e4 c5
2.Ng1f3 Nb8c6
3.d4 cxd4
4.Nf3xd4 Ng8f6
5.Nb1c3 e5
6.Nd4b3 Bf8b4
7.Bc1d2 O-O
8.f3 Bb4xc3
9.Bd2xc3 d5
10.exd5 Nf6xd5
11.Bc3d2 e4
12.fxe4 Qd8h4
{ resign }
0-1

[Event "Match"]
[Site "www.echecsemail.com"]
[Date "2015.10.01"]
[Round "1"]
[White "Pariolinius"]
[Black "Stevo100"]
[WhiteElo "1980"]
[BlackElo "1870"]
[Result "0-1"]
[Round "1"]
1.c4 Ng8f6
2.Nb1c3 e6
3.Ng1f3 d5
4.cxd5 exd5
5.d4 c6
6.Bc1g5 h6
7.Bg5h4 Bf8d6
8.e3 Bc8f5
9.Bf1e2 Nb8d7
10.O-O Qd8c7
11.Ra1c1 g5
12.Bh4g3 Nd7b6
13.Bg3xd6 Qc7xd6
14.h3 O-O-O
15.Nf3e5 Bf5e6
16.Nc3b5 Qd6b8
17.b3 Nf6e4
18.a4 a6
19.Nb5c3 f6
20.Ne5g6 Rh8h7
21.a5 Nb6d7
22.Nc3a4 Qb8d6
23.Na4b6 Kb8
24.Nb6xd7 Qd6xd7
25.g4 Rd8g8
26.f3 Ne4g3
27.Rf1f2 Ng3xe2
28.Qd1xe2 Rg8xg6
29.Kh1 h5
30.Rc1g1 hxg4
31.fxg4 Rh7xh3
32.Rf2h2 Rg6h6
33.Rg1g2 Be6xg4
34.Qe2xg4 Qd7xg4
35.Rg2xg4 Rh3xh2
36.Kg1 Rh2b2
37.e4 dxe4
38.Rg4xe4 Rh6h4
{ resign }
0-1

[Event "Match"]
[Site "www.echecsemail.com"]
[Date "2015.10.01"]
[Round "1"]
[White "Billyg"]
[Black "Emerchess"]
[WhiteElo "1610"]
[BlackElo "1299"]
[Result "0-1"]
[Round "1"]
1.e4 d5
2.exd5 Qd8xd5
3.Nb1c3 Qd5a5
4.d3 c6
5.Bc1d2 Qa5c7
6.Qd1e2 Ng8f6
7.O-O-O Bc8g4
8.f3 Bg4f5
9.g4 Bf5g6
10.h4 h6
11.Ng1h3 Nb8d7
12.Bd2f4 e5
13.d4 Bf8d6
14.Rd1e1 O-O-O
15.dxe5 Bd6xe5
16.Bf4xe5 Nd7xe5
17.Bf1g2 Rh8e8
18.Qe2f2 Bg6xc2
19.Kxc2 Ne5d3
20.Qf2g1 Nd3xe1
21.Kb1 Rd8d2
22.Nh3f2 Qc7b6
23.Nf2e4 Qb6xb2

0-1

[Event "Match"]
[Site "www.echecsemail.com"]
[Date "2015.10.01"]
[Round "1"]
[White "Vitoriccardo"]
[Black "Coraza8091"]
[WhiteElo "1760"]
[BlackElo "1499"]
[Result "1-0"]
[Round "1"]
1.d4 d5
2.c4 dxc4
3.Nb1c3 Bc8f5
4.e4 Bf5g6
5.Bf1xc4 Nb8c6
6.Ng1e2 e6
7.O-O Ng8f6
8.Bc1g5 Bf8e7
9.e5 Nf6d7
10.Bg5f4 Be7g5
11.Rf1e1 a6
12.d5 Nc6a7
13.dxe6 fxe6
14.Bc4xe6 h6
15.Be6xd7 Qd8xd7
16.Qd1xd7 Kxd7
17.Ra1d1 Ke6
18.Bf4xg5 hxg5
19.Ne2d4 Kf7
20.Nd4f3 Kg8
21.Nf3xg5 Rh8h5
22.Ng5f3 Ra8f8
23.e6 Na7c8
24.Re1e5 Bg6f5
25.e7 Nc8xe7
26.Rd1e1 Ne7g6
27.Re5e3 Bf5g4
28.Nf3e5 Ng6h4
29.Ne5xg4 Rh5g5
30.h3 Nh4f5
31.Re3e5 Kh7
32.Ng4e3 g6
33.Ne3xf5 gxf5
34.Re5e7 Kh8
35.Re7e8 Rg5g8
36.Re8xf8 Rg8xf8
37.Nc3d5 c6
38.Nd5f4 Rf8g8
39.Re1e5 Rg8f8
40.Nf4g6 Kg8
41.Ng6xf8 Kxf8
42.Re5xf5 Kg7
43.g4 Kg6
44.f4 b5
45.h4 a5
46.h5 Kh6
47.Rf5c5 a4
48.Rc5xc6 Kh7
49.g5 b4
50.f5 b3
51.axb3 axb3
52.Rc6c7 Kg8
53.f6 Kf8
54.g6 Ke8
55.g7 { resign }
1-0

[Event "1/128 Finale"]
[Site "www.chess-mail.com"]
[Date "2015.10.01"]
[Round "1"]
[White "Pablincho"]
[Black "Madz123456"]
[WhiteElo "1780"]
[BlackElo "2220"]
[Result "0-1"]
[Round "1"]
1.e4 c5
2.Bf1c4 e6
3.a3 d5
4.exd5 exd5
5.Qd1e2 Bf8e7
6.Bc4a2 Nb8c6
7.Ng1f3 Bc8g4
8.c3 Ng8f6
9.O-O O-O
10.h3 Bg4f5
11.d3 Rf8e8
12.Qe2d1 Nc6e5
13.Nf3xe5 Be7d6
14.Ne5f3 Qd8d7
15.Bc1g5 Bf5xh3
16.Nf3h2 Nf6g4
17.Nh2xg4 Bh3xg4
18.Qd1d2 Re8e2
19.Qd2c1 Qd7f5
20.f3 Bg4h3
{ resign }
0-1

[Event "Eq:Slap Shot Mates-La Taverne : "]
[Site "www.chess-mail.com"]
[Date "2015.10.01"]
[Round "1"]
[White "Sebolix"]
[Black "Guidom"]
[WhiteElo "2670"]
[BlackElo "2140"]
[Result "1-0"]
[Round "1"]
1.e4 e5
2.Ng1f3 Nb8c6
3.Bf1b5 a6
4.Bb5xc6 dxc6
5.O-O Bc8g4
6.h3 Bg4xf3
7.Qd1xf3 Ng8f6
8.d3 Bf8e7
9.Qf3g3 O-O
10.Qg3xe5 Be7d6
11.Qe5c3 Rf8e8
12.Bc1e3 Qd8e7
13.Nb1d2 Bd6b4
14.Qc3b3 b6
15.Nd2f3 Bb4d6
16.Ra1e1 Qe7d7
17.Be3g5 Bd6e7
18.Nf3e5 Qd7e6
19.Qb3xe6 fxe6
20.Ne5xc6 Be7f8
21.Bg5d2 e5
22.f4 exf4
23.Bd2xf4 Ra8c8
24.Kh1 Re8e6
25.Nc6d4 Re6e8
26.Bf4h2 c5
27.Nd4f5 a5
28.Bh2d6 Re8e6
29.Bd6xf8 Rc8xf8
30.Nf5e3 Rf8d8
31.a4 Rd8d4
32.b3 h6
33.Rf1f3 Kf7
34.Ne3f5 Rd4d7
35.Re1f1 Kg6
36.Kg1 Rd7b7
37.Nf5e3 b5
38.axb5 Rb7xb5
39.Ne3c4 Re6a6
40.Rf1a1 Nf6d7
41.Rf3f5 h5
42.Rf5d5 Nd7f6
43.Rd5d6 Ra6xd6
44.Nc4xd6 Rb5b6
45.Nd6c4 Rb6a6
46.Ra1xa5 { resign }
1-0

[Event "Eq:chibcha-Team USA : "]
[Site "www.chess-mail.com"]
[Date "2015.10.01"]
[Round "1"]
[White "Tomcapp"]
[Black "Tbsundar"]
[WhiteElo "1680"]
[BlackElo "2070"]
[Result "0-1"]
[Round "1"]
1.e4 e5
2.Ng1f3 Nb8c6
3.Bf1b5 a6
4.Bb5xc6 dxc6
5.d3 f6
6.Nb1c3 Bc8g4
7.a3 Ng8e7
8.b4 g5
9.h3 Bg4h5
10.b5 cxb5
11.Nc3d5 Ne7xd5
12.exd5 Qd8xd5
13.c4 bxc4
14.Qd1a4 b5
15.dxc4 Qd5e4
16.Kd1 Ra8d8
17.Bc1d2 Bh5xf3
18.Kc1 Qe4d4
19.Rh1d1 Qd4xa1
20.Kc2 Bf3xd1
{ resign }
0-1

[Event "Tourn. n8277"]
[Site "www.chess-mail.com"]
[Date "2015.10.02"]
[Round "1"]
[White "Nimzo"]
[Black "Fanny33"]
[WhiteElo "2720"]
[BlackElo "2750"]
[Result "1-0"]
[Round "1"]
1.Ng1f3 d6
2.d4 f5
3.g3 Ng8f6
4.Bf1g2 g6
5.O-O Bf8g7
6.b3 O-O
7.Bc1b2 c6
8.Nb1d2 Nb8a6
9.c4 e5
10.dxe5 Nf6d7
11.Nf3d4 Nd7xe5
12.a3 Qd8e7
13.Qd1c2 f4
14.b4 fxg3
15.hxg3 Ne5g4
16.Qc2b3 Qe7e5
17.Ra1b1 Qe5h5
18.Nd4f3 Bg7xb2
19.Qb3xb2 Bc8e6
20.Rf1d1 Ra8e8
21.Qb2d4 Be6f5
22.e4 Bf5e6
23.Nd2f1 Rf8f7
24.Rd1d2 Na6c7
25.Qd4c3 Ng4e5
26.Nf3xe5 dxe5
27.Nf1h2 Re8f8
28.Rb1e1 Rf7e7
29.Re1e3 Be6c8
30.Bg2f3 Qh5h6
31.Bf3e2 Nc7e8
32.b5 Ne8f6
33.bxc6 bxc6
34.c5 Qh6g7
35.Be2c4 Kh8
36.Rd2d6 Bc8d7
37.Nh2f3 Nf6e8
38.Rd6d2 Bd7h3
39.Bc4b3 g5
40.Bb3a4 Qg7f6
41.Nf3e1 Bh3g4
42.Qc3b2 Re7e6
43.Ne1d3 Ne8g7
44.Ba4b3 Re6e8
45.Nd3e1 Ng7h5
46.Re3d3 Qf6e7
47.Rd3d6 Nh5f6
48.Qb2c2 Re8b8
49.Bb3a4 h5
50.Ba4xc6 h4
51.Qc2c1 Rb8b3
52.Rd2d3 hxg3
53.Rd3xg3 Rb3xg3
54.fxg3 Nf6h5
55.Qc1e3 Kh7
56.Bc6b5 Qe7c7
57.Ne1d3 Rf8f3
58.Qe3xf3 Bg4xf3
59.Rd6d7 Qc7xd7
60.Bb5xd7 Bf3xe4
61.Nd3xe5 Nh5f6
62.Kf2 Kg7
63.Ke3 Kf8
64.Bd7h3 { resign }
1-0

[Event "Tourn. n8411"]
[Site "www.chess-mail.com"]
[Date "2015.10.02"]
[Round "1"]
[White "Odin"]
[Black "Derfel83"]
[WhiteElo "1850"]
[BlackElo "1980"]
[Result "1-0"]
[Round "1"]
1.d4 d5
2.e3 Ng8f6
3.Ng1f3 e6
4.Bf1d3 c5
5.b3 Nb8c6
6.a3 Qd8b6
7.O-O cxd4
8.exd4 Nc6xd4
9.Nf3xd4 Qb6xd4
10.Bd3b5 { resign }
1-0

[Event "Tourn. n8348"]
[Site "www.chess-mail.com"]
[Date "2015.10.02"]
[Round "1"]
[White "Osopanda"]
[Black "Francesco"]
[WhiteElo "1970"]
[BlackElo "2070"]
[Result "0-1"]
[Round "1"]
1.c4 Ng8f6
2.d4 g6
3.Nb1c3 Bf8g7
4.e4 d6
5.f4 Bc8g4
6.Ng1f3 O-O
7.Bf1e2 Nb8d7
8.O-O a6
9.e5 dxe5
10.fxe5 Nf6e8
11.Bc1g5 h6
12.Bg5e3 c6
13.h3 Bg4xf3
14.Be2xf3 Ne8c7
15.Nc3e4 Nc7e6
16.d5 cxd5
17.cxd5 Ne6c7
18.d6 Nc7e6
19.dxe7 Qd8xe7
20.Ne4f6 Nd7xf6
21.exf6 Bg7xf6
22.Be3xh6 Rf8d8
23.Qd1b3 Ne6c5
24.Qb3b6 Nc5d3
25.Ra1d1 Bf6d4
26.Qb6xd4 Rd8xd4
27.Bh6d2 Nd3xb2
{ resign }
0-1

[Event "Tourn. n8364"]
[Site "www.chess-mail.com"]
[Date "2015.10.02"]
[Round "1"]
[White "Daquata"]
[Black "Alvarin111"]
[WhiteElo "1660"]
[BlackElo "1880"]
[Result "0-1"]
[Round "1"]
1.e4 c5
2.Ng1f3 Nb8c6
3.d4 cxd4
4.Nf3xd4 Qd8c7
5.Nb1c3 Nc6xd4
6.Qd1xd4 e5
7.Qd4d1 Ng8f6
8.Bf1e2 Bf8b4
9.Be2f3 Bb4xc3
10.bxc3 Qc7xc3
11.Bc1d2 Qc3d4
12.O-O Nf6xe4
13.Rf1e1 d5
14.Bf3xe4 dxe4
15.c3 Qd4c4
16.Qd1h5 O-O
17.Qh5xe5 f5
18.Bd2e3 Bc8e6
19.Be3d4 Rf8f6
20.Re1b1 b6
21.Rb1b4 Qc4d5
22.Qe5xd5 Be6xd5
23.Bd4xf6 gxf6
24.Rb4d4 Bd5f7
25.Rd4d6 Kg7
26.a4 f4
27.a5 bxa5
28.Ra1xa5 e3
29.fxe3 fxe3
30.Kf1 Ra8b8
31.Ra5xa7 Kg6
32.Ra7a1 Rb8b2
33.Ra1e1 Bf7c4
34.Kg1 e2
35.Rd6c6 Bc4d3
36.Kf2 Rb2d2
37.c4 Rd2c2
38.c5 Kf5
39.Rc6c7 Ke6
40.Rc7xh7 Bd3xh7
{ resign }
0-1

[Event "Tourn. n8348"]
[Site "www.chess-mail.com"]
[Date "2015.10.02"]
[Round "1"]
[White "Carazo"]
[Black "Osopanda"]
[WhiteElo "1860"]
[BlackElo "1970"]
[Result "1-0"]
[Round "1"]
1.e4 c5
2.Ng1f3 d6
3.Bf1c4 e6
4.Bc4b5 Nb8c6
5.d4 cxd4
6.Nf3xd4 Bc8d7
7.h4 Nc6xd4
8.Qd1xd4 Bd7xb5
9.c4 Bb5c6
10.Nb1c3 Ng8f6
11.Bc1g5 Bf8e7
12.Ra1d1 O-O
13.h5 Qd8a5
14.Bg5d2 e5
15.Nc3d5 Bc6xd5
16.Bd2xa5 b6
17.Qd4c3 Bd5xe4
18.Ba5b4 Rf8e8
19.Qc3g3 d5
20.h6 g6
21.Qg3h4 Be7xb4
22.Kf1 dxc4
23.Qh4xf6 Bb4f8
24.Rd1d7 { resign }
1-0

[Event "Tourn. n8355"]
[Site "www.chess-mail.com"]
[Date "2015.10.02"]
[Round "1"]
[White "Falcoale"]
[Black "Panamski"]
[WhiteElo "1930"]
[BlackElo "2160"]
[Result "0-1"]
[Round "1"]
1.e4 b6
2.Ng1f3 Bc8b7
3.Nb1c3 e6
4.Bf1c4 a6
5.a3 b5
6.Bc4a2 c5
7.d3 Nb8c6
8.O-O Bf8e7
9.Nc3e2 d5
10.exd5 exd5
11.Ne2g3 Ng8f6
12.Ng3f5 O-O
13.h3 Rf8e8
14.Nf5xe7 Re8xe7
15.Bc1g5 Qd8d6
16.c3 Ra8e8
17.Qd1c2 d4
18.cxd4 Nc6xd4
19.Nf3xd4 cxd4
20.Bg5d2 Re8c8
21.Qc2d1 Qd6c6
22.f3 Qc6c2
23.Bd2g5 Re7e2
24.Qd1xc2 Rc8xc2
25.Rf1e1 Re2xg2
26.Kh1 Rg2h2
27.Kg1 Rc2g2
28.Kf1 Bb7xf3
{ resign }
0-1

[Event "Tourn. n8368"]
[Site "www.chess-mail.com"]
[Date "2015.10.02"]
[Round "1"]
[White "Tartan"]
[Black "Madz123456"]
[WhiteElo "2490"]
[BlackElo "2220"]
[Result "1/2-1/2"]
[Round "1"]
1.d4 d5
2.c4 c6
3.cxd5 cxd5
4.Ng1f3 Nb8c6
5.Nb1c3 Ng8f6
6.Bc1f4 a6
7.e3 Bc8g4
8.Bf1e2 Bg4xf3
9.Be2xf3 e6
10.O-O Bf8d6
11.Bf4xd6 Qd8xd6
12.Nc3a4 O-O
13.Ra1c1 Nf6d7
14.Na4c5 Nd7xc5
15.Rc1xc5 Rf8c8
16.Qd1b3 Qd6d7
17.Rf1d1 { draw }
1/2-1/2

[Event "Match"]
[Site "www.echecsemail.com"]
[Date "2015.10.02"]
[Round "1"]
[White "Orae"]
[Black "Pinehill"]
[WhiteElo "1969"]
[BlackElo "1820"]
[Result "0-1"]
[Round "1"]
1.e4 d5
2.exd5 Ng8f6
3.Bf1b5 Bc8d7
4.Qd1e2 a6
5.Bb5c4 Bd7f5
6.d3 Nb8d7
7.Nb1c3 Nd7b6
8.Bc1g5 Nf6xd5
9.O-O-O Nd5xc3
10.bxc3 Qd8d6
11.Kd2 Nb6xc4
12.Ke1 Nc4b6
13.c4 O-O-O
14.Ng1f3 f6
15.Bg5h4 e5
16.O-O Qd6a3
17.Rd1a1 Bf8c5
18.Nf3xe5 fxe5
19.Bh4xd8 Rh8xd8
20.Qe2xe5 Kb8
21.Qe5xf5 h6
22.Qf5g4 Bc5d4
23.Ra1e1 Qa3xa2
24.Qg4h4 Bd4f6
25.Qh4h5 Qa2xc2
26.Re1e2 Qc2xd3
27.Re2e3 Qd3xc4
28.Rf1e1 Ka7
29.Re3e4 Qc4d5
30.Qh5e2 Bf6c3
31.Re1c1 Bc3f6
32.f3 c6
33.Qe2e3 Rd8e8
34.Re4xe8 Bf6d4
35.Qe3xd4 Qd5xd4
36.Kh1 Nb6d5
37.Re8e4 Qd4d2
38.Re4e1 Nd5e3
39.Re1g1 Ne3xg2
40.Rc1d1 Qd2e2
41.Rd1d7 Ng2h4
42.Rg1xg7 Qe2xf3
43.Kg1 Qf3e3
44.Kf1 Qe3b3
45.Rg7h7 Nh4f3
46.Rh7xh6 Nf3e5
47.Rd7g7 Qb3d3
48.Kg2 Qd3d2
{ resign }
0-1

[Event "Match"]
[Site "www.echecsemail.com"]
[Date "2015.10.02"]
[Round "1"]
[White "Chtoubidou"]
[Black "Flick"]
[WhiteElo "1950"]
[BlackElo "1910"]
[Result "0-1"]
[Round "1"]
1.d4 Ng8f6
2.Bc1g5 e6
3.e4 Bf8e7
4.e5 Nf6d5
5.Bg5xe7 Qd8xe7
6.c4 Qe7b4
7.Nb1d2 Qb4xb2
8.Ra1b1 Qb2xd4
9.cxd5 Qd4xe5
10.Bf1e2 Qe5xd5
11.Be2f3 Qd5e5
12.Ng1e2 Nb8c6
13.O-O d5
14.Rf1e1 O-O
15.Ne2g3 Qe5c3
16.Rb1b3 Qc3c5
17.Qd1e2 Nc6d4
{ resign }
0-1

[Event "Match"]
[Site "www.echecsemail.com"]
[Date "2015.10.02"]
[Round "1"]
[White "Stevo100"]
[Black "Paco"]
[WhiteElo "1830"]
[BlackElo "1860"]
[Result "0-1"]
[Round "1"]
1.d4 d5
2.Bc1f4 Nb8c6
3.c3 Bc8f5
4.Ng1f3 e6
5.e3 h6
6.Bf1e2 g5
7.Bf4g3 h5
8.h3 { time. }
0-1

[Event "Match"]
[Site "www.echecsemail.com"]
[Date "2015.10.02"]
[Round "1"]
[White "Santifx"]
[Black "Carlosto"]
[WhiteElo "1499"]
[BlackElo "1499"]
[Result "0-1"]
[Round "1"]
1.e4 Nb8c6
2.c3 e5
3.g4 Ng8f6
4.h3 d5
5.exd5 Nf6xd5
6.Bf1g2 Nd5f4
7.Qd1f3 f5
8.gxf5 Bc8xf5
9.d4 Qd8g5
10.dxe5 Nf4xg2
11.Kd1 Ra8d8
12.Nb1d2 Nc6xe5
13.Rh1h2 Ne5xf3
14.Ng1xf3 Qg5g6
15.Nf3e5 Qg6d6
{ resign }
0-1

[Event "Match"]
[Site "www.echecsemail.com"]
[Date "2015.10.02"]
[Round "1"]
[White "Wilddog"]
[Black "Carlosto"]
[WhiteElo "1509"]
[BlackElo "1499"]
[Result "0-1"]
[Round "1"]
1.Ng1f3 e6
2.Nb1c3 d5
3.e4 Ng8f6
4.d4 Nb8c6
5.h4 Bf8b4
6.Nf3e5 Nc6xe5
7.dxe5 Nf6xe4
8.a3 Ne4xc3
9.bxc3 Bb4xc3
10.Bc1d2 Bc3xa1
11.Qd1xa1 c5
12.c4 O-O
13.Qa1b1 b6
14.Bf1d3 g6
15.h5 dxc4
16.Bd3xc4 Qd8d4
17.Qb1d3 Rf8d8
18.Bd2e3 Qd4xd3
19.Bc4xd3 Rd8xd3
20.Rh1h4 Bc8a6
21.f4 Rd3xe3
22.Kf2 Re3xa3
23.Rh4g4 Ra8d8
24.Rg4g3 Rd8d3
25.hxg6 Ra3a2
26.Kg1 Rd3xg3
27.gxf7 Kxf7
28.Kh2 Ra2xg2
29.Kh1 Ba6b7
30.f5 Rg2a2
{ resign }
0-1

[Event "Match"]
[Site "www.echecsemail.com"]
[Date "2015.10.02"]
[Round "1"]
[White "Daviko"]
[Black "Carlosto"]
[WhiteElo "1099"]
[BlackElo "1499"]
[Result "0-1"]
[Round "1"]
1.e3 e6
2.Ng1f3 d5
3.c3 Nb8c6
4.b4 Ng8f6
5.Qd1a4 Bc8d7
6.b5 Nc6b8
7.Nf3e5 a6
8.c4 Bf8d6
9.f4 O-O
10.Bf1e2 g5
11.O-O gxf4
12.exf4 Nf6e4
13.cxd5 Bd6c5
14.d4 f6
15.dxc5 fxe5
16.Qa4xe4 Rf8f5
17.dxe6 Bd7xe6
18.Qe4xb7 Be6d5
19.c6 Nb8d7
20.Be2g4 Nd7c5
21.Qb7xa8 Qd8xa8
22.Bg4xf5 axb5
23.fxe5 Qa8xc6
24.Nb1c3 Bd5c4
25.Bf5e4 Qc6e8
26.Be4d5 Bc4xd5
27.Nc3xd5 Qe8xe5
28.Nd5f6 Kg7
29.Ra1b1 Qe5d4
30.Kh1 Qd4d3
31.Bc1b2 Kg6
32.h4 h5
33.Rb1c1 b4
34.Rf1g1 Nc5a4
35.Rc1d1 Qd3c2
36.g4 Qc2xb2
37.gxh5 Kxf6
38.Rg1f1 Ke5
39.Rf1e1 Kf4
40.Re1f1 Kg3
41.Rd1d3 Kxh4
42.Rf1g1 Qb2xa2
43.h6 Na4c5
44.h7 Qa2a8
45.Rd3d5 Qa8xd5
46.Rg1g2 Qd5d1
47.Rg2g1 Qd1h5
48.Rg1g7 Nc5e6
49.Rg7e7 Ne6g5
50.Kh2 Ng5xh7
51.Re7e4 Kg5
52.Kg3 b3
53.Re4h4 Qh5xh4
{ resign }
0-1

[Event "Match"]
[Site "www.echecsemail.com"]
[Date "2015.10.02"]
[Round "1"]
[White "Emerchess"]
[Black "Pellix84"]
[WhiteElo "1299"]
[BlackElo "1980"]
[Result "0-1"]
[Round "1"]
1.Ng1f3 d5
2.d4 Ng8f6
3.Bc1g5 e6
4.Nb1d2 c5
5.c3 cxd4
6.Nf3xd4 Nb8c6
7.e4 Bf8c5
8.Nd4xc6 bxc6
9.e5 Qd8b6
10.exf6 Bc5xf2
11.Ke2 gxf6
12.Nd2c4 Qb6c5
13.Nc4d6 Qc5xd6
14.Bg5xf6 Qd6f4
15.Bf6d4 Bc8a6
{ resign }
0-1

[Event "1/128 Finale"]
[Site "www.chess-mail.com"]
[Date "2015.10.02"]
[Round "1"]
[White "Bojan"]
[Black "Emiondi"]
[WhiteElo "1950"]
[BlackElo "1499"]
[Result "0-1"]
[Round "1"]
1.e4 e5
2.Ng1f3 Nb8c6
3.d4 exd4
4.Nf3xd4 Ng8f6
5.Nd4xc6 bxc6
6.e5 Qd8e7
7.f4 Nf6d5
8.a3 Qe7c5
9.Bf1d3 d6
10.Qd1e2 Bf8e7
11.Nb1d2 Nd5xf4
12.Nd2b3 Nf4xd3
13.Qe2xd3 Qc5xe5
14.Kf2 O-O
15.Rh1f1 a5
16.Kg1 Bc8a6
17.Qd3f3 Ba6xf1
18.Kxf1 a4
19.Nb3d2 d5
20.Ra1b1 Rf8e8
21.Qf3d3 Qe5e1
{ resign }
0-1

[Event "Tourn. n8305"]
[Site "www.chess-mail.com"]
[Date "2015.10.03"]
[Round "1"]
[White "Guidom"]
[Black "Osopanda"]
[WhiteElo "2070"]
[BlackElo "2020"]
[Result "1-0"]
[Round "1"]
1.e4 c5
2.Ng1f3 d6
3.Bf1c4 e6
4.O-O Nb8c6
5.Nb1c3 Ng8f6
6.d3 Bf8e7
7.Bc1g5 O-O
8.a3 a6
9.Qd1e2 b5
10.Bc4b3 h6
11.Bg5h4 Nc6d4
12.Nf3xd4 cxd4
13.Nc3b1 e5
14.f4 Bc8g4
15.Qe2f2 Nf6h5
16.Bh4xe7 Qd8xe7
17.h3 Bg4e6
18.f5 Be6xb3
19.cxb3 Nh5f4
20.Qf2f3 g6
21.fxg6 fxg6
22.Qf3g4 Kh7
23.Nb1d2 Nf4xd3
24.Ra1b1 Rf8xf1
25.Nd2xf1 Ra8f8
26.Nf1g3 Rf8f4
27.Qg4e2 Nd3c5
28.b4 d3
29.Qe2e3 Nc5e6
30.Qe3xd3 Ne6g5
31.Rb1d1 Ng5f7
32.Qd3d5 h5
33.Ng3e2 Rf4f6
34.Qd5c6 Kh6
35.Rd1d3 Nf7d8
36.Qc6xa6 d5
37.Qa6xb5 dxe4
38.Rd3d1 Nd8c6
39.Qb5c5 Qe7xc5
40.bxc5 e3
41.Rd1f1 Rf6xf1
42.Kxf1 Kg5
43.b4 Kf5
44.b5 Nc6d4
45.Ne2xd4 exd4
46.b6 d3
47.b7 { resign }
1-0

[Event "Tourn. n8367"]
[Site "www.chess-mail.com"]
[Date "2015.10.03"]
[Round "1"]
[White "Fred"]
[Black "Falcoale"]
[WhiteElo "1970"]
[BlackElo "1940"]
[Result "1-0"]
[Round "1"]
1.e4 c5
2.f4 e6
3.Ng1f3 Nb8c6
4.c3 b6
5.Bf1b5 Bc8b7
6.O-O Ng8f6
7.d3 a6
8.Bb5a4 Bf8e7
9.Bc1e3 O-O
10.Nb1d2 b5
11.Ba4c2 d5
12.d4 cxd4
13.cxd4 Nc6b4
14.e5 Nf6g4
15.Be3f2 Nb4xc2
16.Qd1xc2 Ng4xf2
17.Rf1xf2 Ra8c8
18.Qc2d3 f5
19.Nf3g5 Be7xg5
20.fxg5 Qd8xg5
21.Nd2f3 Rc8c1
22.Rf2f1 Rc1xf1
23.Ra1xf1 Qg5e7
24.h3 Rf8a8
25.Rf1c1 h6
26.Kh2 Kf7
27.Rc1c5 g6
28.Qd3c3 Kg8
29.Rc5c7 Qe7d8
30.Rc7xb7 Ra8b8
31.Qc3c6 Rb8xb7
32.Qc6xb7 g5
33.Qb7xa6 Qd8e8
34.Nf3d2 g4
35.h4 Kg7
36.Nd2b3 g3
37.Kxg3 Kg6
38.Nb3c5 Kh5
39.Qa6xe6 { resign }
1-0

[Event "Tourn. n8369"]
[Site "www.chess-mail.com"]
[Date "2015.10.03"]
[Round "1"]
[White "Liencam2"]
[Black "Libiesse"]
[WhiteElo "2280"]
[BlackElo "2140"]
[Result "1-0"]
[Round "1"]
1.e4 c5
2.Nb1c3 e6
3.Ng1f3 Nb8c6
4.d4 cxd4
5.Nf3xd4 a6
6.Bf1e2 Qd8c7
7.f4 d6
8.Bc1e3 Ng8f6
9.O-O Bf8e7
10.Qd1e1 b5
11.Nd4xc6 Qc7xc6
12.Be2f3 Bc8b7
13.e5 Nf6d5
14.exd6 Be7xd6
15.Nc3xd5 exd5
16.Be3d4 Kf8
17.Qe1g3 Rh8g8
18.c3 Ra8e8
19.Ra1e1 Bd6c5
20.Qg3f2 Bc5xd4
21.Qf2xd4 Qc6c4
22.Re1xe8 Kxe8
23.Qd4e5 Kf8
24.Qe5d6 { resign }
1-0

[Event "Tourn. n8368"]
[Site "www.chess-mail.com"]
[Date "2015.10.03"]
[Round "1"]
[White "Madz123456"]
[Black "Gimmyg"]
[WhiteElo "2220"]
[BlackElo "2440"]
[Result "1/2-1/2"]
[Round "1"]
1.e4 Nb8c6
2.d4 e5
3.dxe5 Nc6xe5
4.Ng1f3 Qd8f6
5.Nb1c3 Bf8b4
6.Bc1d2 Ng8e7
7.Nf3xe5 Qf6xe5
8.f4 Qe5f6
9.Qd1f3 O-O
10.a3 Bb4c5
11.O-O-O Ra8b8
12.Kb1 a6
13.f5 b5
14.g4 Bc8b7
15.Bf1g2 Qf6c6
16.g5 f6
17.Rh1f1 a5
18.gxf6 Rf8xf6
19.Nc3a2 Qc6b6
20.Qf3b3 Rf6f7
21.Na2c3 Ne7c6
22.Qb3xb5 Qb6a7
23.Nc3a4 Bc5xa3
24.Qb5b3 Ba3e7
25.f6 gxf6
26.Bg2f3 Nc6e5
27.Bf3h5 Ne5g6
28.Qb3a2 Bb7xe4
29.Na4c3 Be4g2
30.Rf1g1 Qa7b7
31.Bd2c1 Kg7
32.Rd1xd7 Qb7c6
33.Rd7d2 Bg2h3
34.Qa2xa5 Qc6c5
35.Qa5xc5 Be7xc5
36.Rg1g3 Bh3c8
37.Rd2g2 Bc8f5
38.Rg3f3 Bf5e6
39.Bh5g4 f5
40.Bg4h5 Bc5d6
41.Rf3e3 Rf7e7
42.Bh5f3 f4
43.Re3e4 Be6h3
44.Rg2g5 Rb8e8
45.b3 Re7e5
46.Re4xe5 Re8xe5
47.Rg5g1 Re5e7
48.Nc3d5 Re7f7
49.Bc1b2 { draw }
1/2-1/2

[Event "Tourn. n8404"]
[Site "www.chess-mail.com"]
[Date "2015.10.03"]
[Round "1"]
[White "Amaya"]
[Black "Xkafi"]
[WhiteElo "2020"]
[BlackElo "2040"]
[Result "1-0"]
[Round "1"]
1.d4 d5
2.e3 Bc8f5
3.Bf1d3 Bf5d7
4.Nb1d2 Nb8c6
5.c3 e5
6.f3 Qd8h4
7.g3 Qh4f6
8.dxe5 Nc6xe5
9.Bd3c2 Bf8c5
10.Nd2b3 Bc5b6
11.f4 Ne5g6
12.Ng1f3 Qf6c6
13.Nb3d4 Qc6d6
14.O-O Bd7g4
15.Qd1e1 Ng8f6
16.Nd4b5 Qd6c6
17.Bc2a4 Ra8d8
18.Nb5xc7 { resign }
1-0

[Event "Tourn. n8360"]
[Site "www.chess-mail.com"]
[Date "2015.10.03"]
[Round "1"]
[White "Gatrooper"]
[Black "Iko"]
[WhiteElo "1460"]
[BlackElo "1590"]
[Result "0-1"]
[Round "1"]
1.e4 e5
2.a3 Qd8h4
3.Bf1d3 Bf8c5
4.Qd1f3 d6
5.Bd3c4 Bc8g4
6.Qf3xf7 Kd8
7.Qf7f8 Kd7
8.g3 Qh4f6
9.Qf8xf6 Ng8xf6
10.h3 Bg4h5
11.g4 Bh5g6
12.d3 Nb8c6
13.Nb1c3 Nc6d4
14.Bc4b3 Bg6f7
15.Bb3xf7 Nd4xc2
16.Kf1 Nc2xa1
17.Nc3b5 Ra8f8
18.Bf7c4 a6
19.Nb5c3 b5
20.Bc4a2 Na1c2
21.Ng1f3 b4
22.axb4 Nc2xb4
23.Kg2 Nb4xd3
24.Nf3g5 Nd3xf2
25.Ba2e6 Ke7
26.Rh1f1 Nf2d3
27.Nc3d5 Nf6xd5
28.Rf1xf8 Rh8xf8
29.Be6xd5 Nd3xc1
30.Ng5xh7 Rf8f2
31.Kg3 Rf2xb2
32.Nh7g5 Nc1e2
33.Kh4 g6
34.Ng5f3 Kf6
35.g5 Kg7
36.Bd5c6 Ne2f4
37.Bc6d7 Rb2g2
38.Bd7g4 Bc5f2
{ resign }
0-1